Česká literatura 19. století : textová příručka /

Hlavní autor: Janáčková, Jaroslava, 1930-2024
Korporativní autor: Univerzita Karlova. Filozofická fakulta
Další autoři: Menclová, Věra, 1938-
Jazyk: Čeština
Vydáno: Praha : Státní pedagogické nakladatelství, 1980-1981
Vydání: Vydání třetí
Témata:
Externí odkaz: Digitalizovaný dokument
Fyzický popis: 2 svazky ; 29 cm
Odebírané svazky: 1-2
Knihy
Uloženo v:
LEADER 02360nam a22005412ia4500
001 000179722
003 CZ BrMZK
005 20250808073057.0
007 ta
008 950101s1980 xr f cze d
015 |a cnb002737592  |z cnb000145945  |z cnb000145946 
020 |q (Brožováno) 
035 |a (OCoLC)928742006 
040 |a ABA001  |b cze  |e rda 
045 |a w-w- 
072 7 |a 821.162.3.09  |x Česká literatura (o ní)  |2 Konspekt  |9 11 
072 7 |a 37.016  |x Učební osnovy. Vyučovací předměty. Učebnice  |2 Konspekt  |9 22 
080 |a 821.162.3  |2 MRF 
080 |a (0:82-9)  |2 MRF 
080 |a (035)  |2 MRF 
080 |a (075.8)  |2 MRF 
100 1 |a Janáčková, Jaroslava,  |d 1930-2024  |7 jk01050748  |4 aut 
245 1 0 |a Česká literatura 19. století :  |b textová příručka /  |c Jaroslava Janáčková, Věra Menclová 
250 |a Vydání třetí 
264 1 |a Praha :  |b Státní pedagogické nakladatelství,  |c 1980-1981 
300 |a 2 svazky ;  |c 29 cm 
336 |a text  |b txt  |2 rdacontent 
337 |a bez média  |b n  |2 rdamedia 
338 |a svazek  |b nc  |2 rdacarrier 
500 |a Nad názvem: Univerzita Karlova v Praze, Fakulta filozofická 
500 |a V tiráži druhého svazku uvedeno vročení 1980 
505 0 |a I. 1980. 284 stran. 500 výtisků -- II. 1981. 373 stran. 500 výtisků 
521 8 |a Určeno pro posluchače Filozofické fakulty UK 
550 |a Vydavatel: Univerzita Karlova v Praze 
648 7 |a 19. století  |7 ch460557  |2 czenas 
650 0 7 |a česká literatura  |7 ph116858  |y 19. století  |2 czenas 
655 7 |a texty  |7 fd133699  |2 czenas 
655 7 |a příručky  |7 fd133209  |2 czenas 
655 7 |a učebnice vysokých škol  |7 fd133772  |2 czenas 
700 1 |a Menclová, Věra,  |d 1938-  |7 jk01081211  |4 aut 
710 2 |a Univerzita Karlova.  |b Filozofická fakulta  |7 kn20010710340  |4 isb 
856 4 1 |u http://www.digitalniknihovna.cz/mzk/uuid/uuid:e08d8790-4f90-11ed-8291-5ef3fc9bb22f  |y Digitalizovaný dokument  |x NDK 
910 |a BOA001  |b 4-0830.137  |s 1-2 
920 |a 000262524 
990 |a BK 
996 7 |b 2619945059  |c 4-0830.137,2  |l MZK  |r Sklad / do 1 hodiny  |n 37  |w 000179722  |u 000040  |a 1  |e BOA001  |j MZK50  |s A 
996 7 |b 2619945060  |c 4-0830.137,1  |l MZK  |r Sklad / do 1 hodiny  |n 40  |w 000179722  |u 000010  |a 1  |e BOA001  |j MZK50  |s A 
996 7 |b 3119973709  |c PK-N-0009.825,2-81  |l MZK  |r Sklad / do 1 hodiny  |n 17  |w 000179722  |u 000030  |a 1  |e BOA001  |j MZK50  |s A